000
00346 a2200169 4500
001
70848
020
_a
8516015084
040
_c
Anchieta - Itaigara
100
_a
Venezia, Mike
240
1
0
_a
Leonardo da Vinci
_l
por
245
1
0
_a
Leonardo da Vinci
300
_a
32
362
0
_a
1996
440
1
_a
Moderna
650
4
_a
Pintura
942
_c
BK
999
_c
70848
_d
70848